|
|
|
|
| LEADER |
00000nam a2200000Ii 4500 |
| 001 |
DIGSANTU0008 |
| 003 |
NyNyDIG |
| 006 |
m o d |
| 007 |
cr ||||||||||| |
| 008 |
130901s2009 dr o 000 p spa d |
| 020 |
|
|
|z 9789945068467
|
| 020 |
|
|
|z 9945068466
|
| 035 |
|
|
|a (OCoLC)888276342
|
| 040 |
|
|
|a DGITA
|b eng
|e pn
|c DGITA
|
| 050 |
1 |
4 |
|a PQ7409.2.P42 eBook
|
| 100 |
1 |
|
|a Pérez, Isael,
|d 1961-
|
| 245 |
1 |
0 |
|a Contemporáneos del tiempo /
|c Isael Pérez.
|
| 250 |
|
|
|a 1. ed.
|
| 264 |
|
1 |
|a Santo Domingo, D.R.:
|b Editorial Santuario,
|c 2009.
|
| 300 |
|
|
|a 1 online resource (112 pages)
|
| 336 |
|
|
|a text
|b txt
|2 rdacontent
|
| 337 |
|
|
|a computer
|b c
|2 rdamedia
|
| 338 |
|
|
|a online resource
|b cr
|2 rdacarrier
|
| 490 |
1 |
|
|a Colección Santuario ;
|v 16
|
| 500 |
|
|
|a Previously published: 1. ed.: Ciudad Trujillo : Editora Montalvo, 1941. 2. ed.: Santo Domingo, R.D. : Editora Cosmos, 1974. 3. ed.: Santo Domingo, R.D. : Editora Manatí, 2000.
|
| 650 |
|
0 |
|a Dominican poetry.
|
| 650 |
|
0 |
|a Dominican literature.
|
| 655 |
|
0 |
|a Electronic books.
|
| 791 |
2 |
|
|a Digitalia (Firm),
|e distributor.
|
| 830 |
|
0 |
|a Colección Santuario ;
|v 16.
|
| 793 |
0 |
|
|g Digitalia eBook Collection:
|a Santuario
|
| 856 |
4 |
0 |
|3 Digitalia Hispánica
|u https://www.digitaliapublishing.com/a/8819/
|
| 910 |
|
|
|a Premium Collection: 2007-2012
|